| 000 | 00860cam a2200277 a 4500 | ||
|---|---|---|---|
| 008 | |||
| 020 | _a075067329X (pbk.) | ||
| 049 | _aMAIN | ||
| 090 | 0 |
_aTK7868.P6 _bBRO. |
|
| 100 | 1 | _aBrown, Marty. | |
| 245 | 1 | 0 |
_aPower supply cookbook / _cMarty Brown. |
| 250 | _a2nd ed. | ||
| 260 |
_aBoston : _bNewnes, _cc2001. |
||
| 300 |
_axii, 265 p. : _bill. ; _c26 cm. |
||
| 440 | 0 | _aEDN series for design engineers. | |
| 504 | _aIncludes bibliographical references. | ||
| 500 | _aIncludes index. | ||
| 650 | 0 |
_aElectric power supplies to apparatus _xDesign and construction. |
|
| 650 | 0 | _aPower electronics. | |
| 650 | 0 |
_aElectronic apparatus and appliances _xpower supply. |
|
| 907 |
_a.b10209797 _b22-01-13 _c09-08-06 |
||
| 003 | |||
| 005 | 20230123134234.0 | ||
| 040 | _cNUST | ||
| 942 |
_cBOOKS _kTK7868.P6 _mBRO. |
||
| 999 |
_c162440 _d162440 |
||